000 00639nam a22002052 4500
001 0000000217
005 20151021151041.0
008 070117s xx 000 0 eng d
020 _a8178080575 :
_cKES 2,360
040 _aKABU
_cKABU
100 1 _aKalakota, Ravi.
_@0000151639
245 1 0 _aFrontiers of electronic commerce /
_cRavi Kalakota, Andrew B. Whinston.
260 _aDelhi :
_bPearson Educ.,
_c1996.
300 _axiv, 850 p.
650 0 _aElectronic commerce.
_@0000148142
700 1 _aWhinston, Andrew B.
_@0000161146
908 _a070117
950 _@1
999 _c83
_d83